Sports Quiz

Random Sports or State Quiz
Score 0/25 Timer 03:00
8 Plays Today
Hint Answer % Correct
Set 3Arizona
83.1%
Set 1Colorado
82.6%
Set 4Minnesota
81.4%
Set 3Cardinals
80.8%
Set 1Broncos
80.4%
Set 3Suns
79.8%
Set 1Nuggets
79.7%
Set 1Rockies
79.6%
Set 4Vikings
79.5%
Set 3Diamondbacks
79.2%
Set 4Twins
78.4%
Set 5Michigan
78.1%
Set 2Red Sox
78%
Hint Answer % Correct
Set 2Massachusetts
77.8%
Set 2Celtics
77.7%
Set 2Patriots
77.6%
Set 4Timberwolves
77.6%
Set 2Bruins
76.4%
Set 5Lions
75.9%
Set 1Avalanche
75.7%
Set 5Pistons
75%
Set 5Tigers
74.6%
Set 5Red Wings
73.9%
Set 4Wild
73.4%
Set 3Coyotes
72.9%
Remove Ads.
Support Sporcle.
Get the best of Sporcle when you Go Orange. This ad-free experience offers more features, more stats, and more fun while also helping to support Sporcle. Thank you for becoming a member.

You're not logged in!

Compare scores with friends on all Sporcle quizzes.
OR
Log In

Show Comments

Extras

Top Quizzes Today


Score Distribution

Your Account Isn't Verified!

In order to create a playlist on Sporcle, you need to verify the email address you used during registration. Go to your Sporcle Settings to finish the process.

Report this User

Report this user for behavior that violates our Community Guidelines.

Details: